Vývoj nezamestnanosti v slovenskom poľnohospodárstve v podmienkach prípravy pre vstup do EÚ

Transformácia poľnohospodárstva a problémové otázky, ktoré majú významný dopad na výkonnosť výrobcov a spracovateľov. Analýza zamestnanosti v poľnohospodárstve. Materiál a metóda práce. Výsledky analýzy. Vývoj počtu pracovníkov v poľnohospodárstve. Štruktúra vzdelania pracujúcich v poľnohospodárstve...

Descripción completa

Guardado en:
Detalles Bibliográficos
Autor principal: Žaja, Jozef
Formato: Capítulo de libro
Lenguaje:eslovaco
Materias:
Etiquetas: Agregar Etiqueta
Sin Etiquetas, Sea el primero en etiquetar este registro!

MARC

LEADER 00000naa$a2200000$$$4500
001 0015755
005 20221128113039.0
041 0 |a slo 
044 |a SK 
245 1 0 |a Vývoj nezamestnanosti v slovenskom poľnohospodárstve v podmienkach prípravy pre vstup do EÚ  |c aut. Jozef Žaja 
520 |a Transformácia poľnohospodárstva a problémové otázky, ktoré majú významný dopad na výkonnosť výrobcov a spracovateľov. Analýza zamestnanosti v poľnohospodárstve. Materiál a metóda práce. Výsledky analýzy. Vývoj počtu pracovníkov v poľnohospodárstve. Štruktúra vzdelania pracujúcich v poľnohospodárstve. Vek zamestnancov. Pracujúci v poľnohospodárstve podľa právnych foriem. Nezamestnanosť. Vývoj agrárnej nezamestnanosti za obdobie rokov 1996 - 2001. 
610 2 0 |a poľnohospodárstvo 
610 2 0 |a transformácia 
610 2 0 |a trh práce 
610 2 0 |a zamestnanosť 
610 2 0 |a analýzy 
610 2 0 |a miesta pracovné 
610 2 0 |a zamestnanci 
610 2 0 |a vek 
610 2 0 |a vzdelanie 
610 2 0 |a nezamestnanosť 
610 2 0 |a vývoj 
610 2 0 |a Slovensko 
100 1 |a Žaja, Jozef